000 00561nam a22001697a 4500
003 SISC
005 20160927095917.0
008 160927b xxu||||| |||| 00| 0 eng d
020 _a9781138652378
050 _aLC 4601
_b.H35 2014
100 _aHarwood, Valerie.
245 _aPsychopathology at school :
_btheorizing mental disorders in education /
_cValerie Harwood and Julie Allan.
260 _aLondon :
_bRoutledge,
_c2014.
300 _a208 pages :
_billustrations ;
_c23 cm.
500 _aIncludes bibliographical references and index.
942 _2lcc
_cBK
999 _c305120
_d305120